Fantay Film Anagramme - Statistiken

Allgemein
  • Dieses Quiz wurde 55 mal gespielt
  • Das Durchschnittsergebnis liegt bei 10 aus 16
Antwortstatistiken
Anagramm Film % Korrekt
RED REHR RED GINER Der Herr der Ringe
98%
HORT Thor
89%
CELIA IM LANDERWUND Alice im Wunderland
87%
RAST SWAR Star Wars
87%
TVAAAR Avatar
85%
EID NICHRONNEK NOV ANIRAN Die Chroniken von Narnia
85%
ERD BIBOTH Der Hobbit
74%
ZACHRÄHMDENEN TICHEL TEGMACH Drachenzähmen leicht gemacht
70%
CULFH ERD IBIRAKK Fluch der Karibik
67%
EID HILDECUNEN CHECHITESG Die unendliche Geschichte
54%
NASP RINBALYTH Pan’s Labyrinth
48%
TEH EGERSAVN The Avengers
37%
HET ERGEN GHINKT The Green Knight
35%
SISIPREZNN OKEMONON Prinzessin Mononoke
28%
ROSICHIH EISER SIN LADERNBAUZ Chihiros Reise ins Zauberland
17%
GONDERHARAT Dragonheart
4%
Keine übereinstimmenden Quizze gefunden
Verteilung der Resultate
Anzahl Personen mit jedem Resultat
Perzentil nach korrekt beantworteten Fragen
Ihre Resultats-Entwicklung
Sie haben dieses Quiz noch nicht gespielt